banner-ar

الادب الافريقى (عالم المعرفة171) / (Record no. 51502)

MARC details
000 -الفاتح
حقل البيانات ثابتة الطول 00691nam a2200205Ia 4500
008 - عناصر البيانات ثابتة الطول - معلومات عامة
حقل البيانات ثابتة الطول 140319s9999 xx 000 0 ara d
040 ## - مصدر الفهرسة
وكالة الفهرسة الأصلية GCL /
وكالة النسخ GCL
082 04 - رقم تصنيف ديوى العشرى
رقم التصنيف 896
رقم المادة ع أ
100 1# - المدخل الرئيسى - إسم شخصى
الإسم الشخصى على شلش
245 10 - بيان العنوان
العنوان الادب الافريقى (عالم المعرفة171) /
بيان المسئوليه,etc على شلش
300 ## - الوصف المادى
التعداد 271 ص
490 ## - بيان السلسلة
عنوان السلسلة عالم المعرفة
رقم المجلد/ التعيين التسلسلي 0
650 04 - المدخل الاضافى بالموضوع-مصطلح موضوعى
مصطلح موضوعي الادب
650 04 - المدخل الاضافى بالموضوع-مصطلح موضوعى
مصطلح موضوعي الادب الافريقى - تاريخ ونقد
650 04 - المدخل الاضافى بالموضوع-مصطلح موضوعى
مصطلح موضوعي الشعر الافريقى - تاريخ ونقد
650 04 - المدخل الاضافى بالموضوع-مصطلح موضوعى
مصطلح موضوعي القصة الافريقية - تاريخ ونقد
650 04 - المدخل الاضافى بالموضوع-مصطلح موضوعى
مصطلح موضوعي المسرحيات الافريقية-تاريخ ونقد
942 ## - عناصر المدخل الإضافي( كوها)
مصدر التصنيف او مخطط الترفيف Dewey Decimal Classification
Koha [default] item type كتاب
Holdings
حالة التراجع حالة الفقد حالة تلف ليس للاعارة المكان المؤقت الموقع الحالى تاريخ الاكتساب اجمالي اﻻعارات رقم الطلب الباركود تاريخ اخر مشاهدة تاريخ تفعيل السعر نوع وعاء كوها
        مكتبة القاهرة الكبرى مكتبة القاهرة الكبرى 03/26/2014   896\ع أ 123381 03/26/2014 03/26/2014 كتاب

Powered By

EGPV